000 01026nam a2200289 a 4500
001 73518
003 BD-RjUL
005 20211209082415.0
008 170603s1970 nyua b 001 0 eng d
020 _a0395911710
020 _a0395911702
035 _a(BD-RjUL)73736
040 _aDLC
_cDLC
_dDLC
_beng
041 _aeng
082 0 0 _a595.70973
_223
_bBOF 1970
100 1 _aBorror, Donald Joyce,
_d1907-
_9217527
245 1 2 _aA field guide to the insects of America north of Mexico /
_cby Donald J. Borror and Richard E. White. Color and shaded drawings by Richard E. White. Line drawings by the authors.
260 _aBoston :
_bHoughton Mifflin,
_c1970.
300 _axi, 404 p :
_bill. ;
_c19 cm.
490 0 _aThe Peterson field guide series ;
_v19
504 _aBibliography and index
650 0 _aInsects
_zUnited States
_xIdentification.
_9217528
700 1 _aWhite, Richard E.,
_ejoint author.
_9217529
830 _aThe Peterson field guide series ;
_v19
_9217531
942 _2ddc
_cBK
999 _c73518
_d73518